[Event "ODJM A 2023"]
[Site "Willingen GER"]
[Date "2023.05.31"]
[Round "6"]
[White "Stemmler, Fabian"]
[Black "Stork, Christopher"]
[Result "1-0"]
[Termination "normal"]
[Board "3"]
[WhiteElo "2084"]
[BlackElo "2035"]
[WhiteClock "01:31:29"]
[BlackClock "01:26:42"]
[PlyCount "79"]
[WhiteFideId "12964808"]
[BlackFideId "16215400"]
[EventCountry "GER"]
[EventRounds "9"]
[EventType "swiss"]
[EventDate "2023.05.27"]

1. e4 {[%clk 01:30:46]} {[%emt 00:00:13]} c6 {[%clk 01:30:40]} {[%emt
00:00:20]} 2. Nc3 {[%clk 01:30:47]} d5 {[%clk 01:30:40]} 3. Qe2 {[%clk
01:30:47]} d4 {[%clk 01:29:54]} {[%emt 00:02:25]} 4. Nd1 {[%clk 01:31:29]}
{[%emt 00:00:07]} e5 {[%clk 01:26:42]} 5. d3 {[%clk 01:31:29]} c5 {[%clk
01:26:42]} 6. g3 {[%clk 01:31:29]} Nc6 {[%clk 01:26:42]} 7. Bg2 {[%clk
01:31:29]} Bd6 {[%clk 01:26:42]} 8. Nf3 {[%clk 01:31:29]} Nge7 {[%clk
01:26:42]} 9. O-O {[%clk 01:31:29]} Ng6 {[%clk 01:26:42]} 10. c4 {[%clk
01:31:29]} Qc7 {[%clk 01:26:42]} 11. Ne1 {[%clk 01:31:29]} Bd7 {[%clk
01:26:42]} 12. Nc2 {[%clk 01:31:29]} O-O-O {[%clk 01:26:42]} 13. Bd2 {[%clk
01:31:29]} Kb8 {[%clk 01:26:42]} 14. Rb1 {[%clk 01:31:29]} Qc8 {[%clk
01:26:42]} 15. a3 {[%clk 01:31:29]} Bh3 {[%clk 01:26:42]} 16. b4 {[%clk
01:31:29]} h5 {[%clk 01:26:42]} 17. f3 {[%clk 01:31:29]} Bxg2 {[%clk 01:26:42]}
18. Kxg2 {[%clk 01:31:29]} h4 {[%clk 01:26:42]} 19. Nf2 {[%clk 01:31:29]} Rd7
{[%clk 01:26:42]} 20. bxc5 {[%clk 01:31:29]} Bxc5 {[%clk 01:26:42]} 21. Nb4
{[%clk 01:31:29]} Bxb4 {[%clk 01:26:42]} 22. axb4 {[%clk 01:31:29]} Nd8 {[%clk
01:26:42]} 23. Qd1 {[%clk 01:31:29]} b6 {[%clk 01:26:42]} 24. Qa4 {[%clk
01:31:29]} Qc6 {[%clk 01:26:42]} 25. b5 {[%clk 01:31:29]} Qc7 {[%clk 01:26:42]}
26. c5 {[%clk 01:31:29]} hxg3 {[%clk 01:26:42]} 27. hxg3 {[%clk 01:31:29]} Ne6
{[%clk 01:26:42]} 28. c6 {[%clk 01:31:29]} Re7 {[%clk 01:26:42]} 29. Ra1 {[%clk
01:31:29]} Nc5 {[%clk 01:26:42]} 30. Qc4 {[%clk 01:31:29]} Nf8 {[%clk
01:26:42]} 31. Rh1 {[%clk 01:31:29]} Rg8 {[%clk 01:26:42]} 32. f4 {[%clk
01:31:29]} Nce6 {[%clk 01:26:42]} 33. f5 {[%clk 01:31:29]} Nc5 {[%clk
01:26:42]} 34. Bb4 {[%clk 01:31:29]} Qd6 {[%clk 01:26:42]} 35. Qd5 {[%clk
01:31:29]} Qc7 {[%clk 01:26:42]} 36. Bxc5 {[%clk 01:31:29]} bxc5 {[%clk
01:26:42]} 37. Rhb1 {[%clk 01:31:29]} Qb6 {[%clk 01:26:42]} 38. Ra6 {[%clk
01:31:29]} Qc7 {[%clk 01:26:42]} 39. b6 {[%clk 01:31:29]} axb6 {[%clk
01:26:42]} 40. Rbxb6+ {[%clk 01:31:29]} 1-0

[Event "ODJM A 2023"]
[Site "Willingen GER"]
[Date "2023.05.31"]
[Round "6"]
[White "Hofmann, Lorenz"]
[Black "Savchenko, Daniel"]
[Result "1-0"]
[Termination "normal"]
[Board "4"]
[WhiteElo "2061"]
[BlackElo "2104"]
[WhiteClock "00:04:03"]
[BlackClock "00:02:27"]
[PlyCount "79"]
[WhiteFideId "12995509"]
[BlackFideId "12919195"]
[EventCountry "GER"]
[EventRounds "9"]
[EventType "swiss"]
[EventDate "2023.05.27"]

1. d4 {[%clk 01:30:58]} {[%emt 00:00:01]} c5 {[%clk 01:30:53]} {[%emt
00:00:07]} 2. d5 {[%clk 01:31:15]} {[%emt 00:00:14]} Nf6 {[%clk 01:31:11]}
{[%emt 00:00:11]} 3. Nc3 {[%clk 01:31:39]} {[%emt 00:00:07]} d6 {[%clk
01:31:11]} {[%emt 00:00:30]} 4. e4 {[%clk 01:32:01]} {[%emt 00:00:07]} Na6
{[%clk 01:31:31]} {[%emt 00:00:11]} 5. Bc4 {[%clk 01:27:49]} {[%emt 00:04:42]}
Nc7 {[%clk 01:25:53]} {[%emt 00:06:08]} 6. a4 {[%clk 01:22:18]} {[%emt
00:06:02]} g6 {[%clk 01:19:55]} {[%emt 00:06:27]} 7. Nf3 {[%clk 01:17:48]}
{[%emt 00:04:59]} Bg7 {[%clk 01:17:54]} {[%emt 00:02:32]} 8. O-O {[%clk
01:16:21]} {[%emt 00:01:57]} Bg4 {[%clk 01:16:01]} {[%emt 00:02:23]} 9. h3
{[%clk 01:12:41]} {[%emt 00:04:10]} Bxf3 {[%clk 01:15:10]} {[%emt 00:01:21]}
10. Qxf3 {[%clk 01:13:06]} {[%emt 00:00:05]} Nd7 {[%clk 01:10:34]} {[%emt
00:05:07]} 11. Qg3 {[%clk 01:11:09]} {[%emt 00:02:26]} O-O {[%clk 01:08:51]}
{[%emt 00:02:13]} 12. h4 {[%clk 00:52:51]} {[%emt 00:18:48]} a6 {[%clk
00:57:45]} {[%emt 00:11:37]} 13. h5 {[%clk 00:49:37]} {[%emt 00:03:44]} b6
{[%clk 00:45:40]} {[%emt 00:12:35]} 14. Qh3 {[%clk 00:39:41]} {[%emt 00:10:25]}
Rb8 {[%clk 00:43:47]} {[%emt 00:02:23]} 15. g3 {[%clk 00:35:59]} {[%emt
00:04:13]} b5 {[%clk 00:41:35]} {[%emt 00:02:42]} 16. Be2 {[%clk 00:33:07]}
{[%emt 00:03:22]} b4 {[%clk 00:38:05]} {[%emt 00:04:00]} 17. Nd1 {[%clk
00:32:56]} {[%emt 00:00:41]} Nf6 {[%clk 00:37:31]} {[%emt 00:01:03]} 18. Bf3
{[%clk 00:32:03]} {[%emt 00:01:23]} Qc8 {[%clk 00:35:08]} {[%emt 00:02:54]} 19.
Qh4 {[%clk 00:30:21]} {[%emt 00:02:12]} e6 {[%clk 00:31:31]} {[%emt 00:04:07]}
20. Ne3 {[%clk 00:25:51]} {[%emt 00:05:00]} exd5 {[%clk 00:30:11]} {[%emt
00:01:51]} 21. exd5 {[%clk 00:25:48]} {[%emt 00:00:32]} Re8 {[%clk 00:27:12]}
{[%emt 00:03:29]} 22. Kg2 {[%clk 00:25:09]} {[%emt 00:01:09]} g5 {[%clk
00:15:12]} {[%emt 00:12:30]} 23. Qxg5 {[%clk 00:23:12]} {[%emt 00:02:27]} Re5
{[%clk 00:15:21]} {[%emt 00:00:21]} 24. Qh4 {[%clk 00:22:45]} {[%emt 00:00:58]}
Ncxd5 {[%clk 00:15:25]} {[%emt 00:00:25]} 25. h6 {[%clk 00:21:27]} {[%emt
00:01:48]} Nxe3+ {[%clk 00:15:04]} {[%emt 00:00:52]} 26. Bxe3 {[%clk 00:21:47]}
{[%emt 00:00:10]} Bh8 {[%clk 00:15:13]} {[%emt 00:00:20]} 27. Bf4 {[%clk
00:21:01]} {[%emt 00:01:17]} Re6 {[%clk 00:15:29]} {[%emt 00:00:13]} 28. Rad1
{[%clk 00:20:15]} {[%emt 00:01:16]} Qd7 {[%clk 00:15:09]} {[%emt 00:00:50]} 29.
b3 {[%clk 00:17:13]} {[%emt 00:03:32]} Rd8 {[%clk 00:12:22]} {[%emt 00:03:17]}
30. Kg1 {[%clk 00:15:44]} {[%emt 00:01:59]} Kf8 {[%clk 00:10:02]} {[%emt
00:02:50]} 31. Rd3 {[%clk 00:15:22]} {[%emt 00:00:51]} Qe7 {[%clk 00:08:46]}
{[%emt 00:01:46]} 32. Bg5 {[%clk 00:12:23]} {[%emt 00:03:30]} Re5 {[%clk
00:08:40]} {[%emt 00:00:35]} 33. Rfd1 {[%clk 00:11:44]} {[%emt 00:01:09]} d5
{[%clk 00:07:13]} {[%emt 00:01:58]} 34. Kg2 {[%clk 00:09:08]} {[%emt 00:03:05]}
d4 {[%clk 00:07:34]} {[%emt 00:00:08]} 35. Bf4 {[%clk 00:08:32]} {[%emt
00:01:07]} Re6 {[%clk 00:07:03]} {[%emt 00:01:01]} 36. Bg4 {[%clk 00:05:33]}
{[%emt 00:03:29]} Nxg4 {[%clk 00:06:33]} {[%emt 00:01:00]} 37. Qxg4 {[%clk
00:05:59]} {[%emt 00:00:04]} Qb7+ {[%clk 00:05:20]} {[%emt 00:01:44]} 38. Rf3
{[%clk 00:06:01]} {[%emt 00:00:27]} Qe4 {[%clk 00:05:07]} {[%emt 00:00:43]} 39.
Rdd3 {[%clk 00:03:53]} {[%emt 00:02:39]} Rg6 {[%clk 00:02:27]} {[%emt
00:03:10]} 40. Bd6+ {[%clk 00:04:03]} {[%emt 00:00:20]} 1-0

[Event "ODJM A 2023"]
[Site "Willingen GER"]
[Date "2023.05.31"]
[Round "6"]
[White "Rohm, Linus"]
[Black "Sabirov, Rafael"]
[Result "1/2-1/2"]
[Termination "normal"]
[Board "5"]
[WhiteElo "1911"]
[BlackElo "2089"]
[WhiteClock "00:31:15"]
[BlackClock "00:20:46"]
[PlyCount "108"]
[WhiteFideId "16298217"]
[BlackFideId "16241185"]
[EventCountry "GER"]
[EventRounds "9"]
[EventType "swiss"]
[EventDate "2023.05.27"]

1. e4 {[%clk 01:30:57]} {[%emt 00:00:03]} c5 {[%clk 01:30:57]} {[%emt
00:00:03]} 2. Nf3 {[%clk 01:31:20]} {[%emt 00:00:06]} e6 {[%clk 01:31:24]}
{[%emt 00:00:04]} 3. c3 {[%clk 01:31:44]} {[%emt 00:00:06]} Nf6 {[%clk
01:31:49]} {[%emt 00:00:05]} 4. e5 {[%clk 01:32:00]} {[%emt 00:00:14]} Nd5
{[%clk 01:32:17]} {[%emt 00:00:02]} 5. d4 {[%clk 01:32:23]} {[%emt 00:00:07]}
cxd4 {[%clk 01:32:45]} {[%emt 00:00:03]} 6. cxd4 {[%clk 01:32:40]} {[%emt
00:00:11]} d6 {[%clk 01:33:08]} {[%emt 00:00:07]} 7. Bc4 {[%clk 01:32:40]}
{[%emt 00:00:29]} Nc6 {[%clk 01:32:17]} {[%emt 00:01:23]} 8. O-O {[%clk
01:32:38]} {[%emt 00:00:31]} dxe5 {[%clk 01:27:56]} {[%emt 00:04:51]} 9. dxe5
{[%clk 01:27:45]} {[%emt 00:05:22]} Nb6 {[%clk 01:25:10]} {[%emt 00:03:18]} 10.
Qxd8+ {[%clk 01:26:47]} Nxd8 {[%clk 01:22:39]} {[%emt 00:04:29]} 11. Bb3 {[%clk
01:26:09]} {[%emt 00:01:07]} Be7 {[%clk 01:14:44]} {[%emt 00:08:24]} 12. Nc3
{[%clk 01:25:07]} {[%emt 00:01:33]} O-O {[%clk 01:08:30]} {[%emt 00:06:45]} 13.
Be3 {[%clk 01:16:56]} {[%emt 00:08:41]} Nc6 {[%clk 01:01:47]} {[%emt 00:07:14]}
14. Ne4 {[%clk 01:11:51]} {[%emt 00:05:34]} Nd7 {[%clk 00:58:23]} {[%emt
00:03:54]} 15. Bf4 {[%clk 01:11:20]} {[%emt 00:01:00]} Nc5 {[%clk 00:57:20]}
{[%emt 00:01:35]} 16. Nxc5 {[%clk 01:11:32]} {[%emt 00:00:18]} Bxc5 {[%clk
00:57:48]} {[%emt 00:00:01]} 17. Rac1 {[%clk 01:11:14]} {[%emt 00:00:48]} b6
{[%clk 00:52:43]} {[%emt 00:05:36]} 18. Rfd1 {[%clk 01:03:22]} {[%emt
00:08:21]} Ba6 {[%clk 00:50:10]} {[%emt 00:03:04]} 19. a3 {[%clk 00:56:39]}
{[%emt 00:07:13]} Be2 {[%clk 00:34:00]} {[%emt 00:16:41]} 20. Rd2 {[%clk
00:55:47]} {[%emt 00:01:21]} Bxf3 {[%clk 00:34:23]} {[%emt 00:00:07]} 21. gxf3
{[%clk 00:56:07]} {[%emt 00:00:11]} Rfd8 {[%clk 00:24:28]} {[%emt 00:10:24]}
22. Rcd1 {[%clk 00:54:53]} {[%emt 00:01:44]} Rxd2 {[%clk 00:14:29]} {[%emt
00:10:29]} 23. Rxd2 {[%clk 00:55:13]} {[%emt 00:00:11]} Bd4 {[%clk 00:14:27]}
{[%emt 00:00:32]} 24. Ba4 {[%clk 00:51:16]} {[%emt 00:04:27]} Bxe5 {[%clk
00:14:14]} {[%emt 00:00:42]} 25. Bxc6 {[%clk 00:49:14]} {[%emt 00:02:33]} Bxf4
{[%clk 00:14:37]} {[%emt 00:00:06]} 26. Rd7 {[%clk 00:43:07]} {[%emt 00:06:37]}
Rc8 {[%clk 00:15:00]} {[%emt 00:00:07]} 27. Rxa7 {[%clk 00:42:14]} {[%emt
00:01:22]} Kf8 {[%clk 00:15:21]} {[%emt 00:00:09]} 28. Ra8 {[%clk 00:42:19]}
{[%emt 00:00:27]} Rxa8 {[%clk 00:15:41]} {[%emt 00:00:09]} 29. Bxa8 {[%clk
00:42:43]} {[%emt 00:00:07]} Bc1 {[%clk 00:16:07]} {[%emt 00:00:04]} 30. b4
{[%clk 00:43:04]} {[%emt 00:00:09]} Bxa3 {[%clk 00:16:32]} {[%emt 00:00:07]}
31. b5 {[%clk 00:43:26]} {[%emt 00:00:06]} Ke7 {[%clk 00:15:47]} {[%emt
00:01:15]} 32. Kg2 {[%clk 00:42:46]} {[%emt 00:01:09]} Bd6 {[%clk 00:16:04]}
{[%emt 00:00:16]} 33. Bc6 {[%clk 00:42:09]} {[%emt 00:01:06]} Bf4 {[%clk
00:16:22]} {[%emt 00:00:11]} 34. h3 {[%clk 00:41:34]} {[%emt 00:01:05]} Kd6
{[%clk 00:16:43]} {[%emt 00:00:11]} 35. Kf1 {[%clk 00:39:54]} {[%emt 00:02:08]}
Ke5 {[%clk 00:17:01]} {[%emt 00:00:13]} 36. Ke2 {[%clk 00:39:43]} {[%emt
00:00:39]} Bc1 {[%clk 00:16:54]} {[%emt 00:00:39]} 37. Bb7 {[%clk 00:36:16]}
{[%emt 00:03:59]} Kf4 {[%clk 00:16:58]} {[%emt 00:00:24]} 38. Bc6 {[%clk
00:35:33]} {[%emt 00:01:12]} Kg5 {[%clk 00:17:18]} {[%emt 00:00:11]} 39. Kf1
{[%clk 00:35:57]} {[%emt 00:00:06]} Kh4 {[%clk 00:17:33]} {[%emt 00:00:14]} 40.
Kg2 {[%clk 00:36:10]} {[%emt 00:00:18]} f6 {[%clk 00:17:42]} {[%emt 00:00:20]}
41. Bd7 {[%clk 00:35:15]} {[%emt 00:01:26]} e5 {[%clk 00:18:07]} {[%emt
00:00:07]} 42. Be6 {[%clk 00:35:09]} {[%emt 00:00:34]} Kg5 {[%clk 00:18:19]}
{[%emt 00:00:19]} 43. Kg3 {[%clk 00:33:50]} {[%emt 00:01:47]} Bd2 {[%clk
00:18:18]} {[%emt 00:00:33]} 44. Bg8 {[%clk 00:32:10]} {[%emt 00:02:09]} h6
{[%clk 00:18:39]} {[%emt 00:00:09]} 45. Bd5 {[%clk 00:32:01]} {[%emt 00:00:40]}
f5 {[%clk 00:18:49]} {[%emt 00:00:20]} 46. Bc6 {[%clk 00:31:55]} {[%emt
00:00:34]} h5 {[%clk 00:18:59]} {[%emt 00:00:20]} 47. Bd5 {[%clk 00:31:57]}
{[%emt 00:00:29]} Be1 {[%clk 00:18:35]} {[%emt 00:00:54]} 48. Bc6 {[%clk
00:31:26]} {[%emt 00:01:02]} h4+ {[%clk 00:18:48]} {[%emt 00:00:15]} 49. Kg2
{[%clk 00:31:44]} {[%emt 00:00:12]} Kf4 {[%clk 00:19:15]} {[%emt 00:00:04]} 50.
Bb7 {[%clk 00:31:00]} {[%emt 00:01:12]} g5 {[%clk 00:19:38]} {[%emt 00:00:08]}
51. Bc8 {[%clk 00:30:23]} {[%emt 00:01:09]} e4 {[%clk 00:19:57]} {[%emt
00:00:09]} 52. fxe4 {[%clk 00:30:39]} {[%emt 00:00:14]} Kxe4 {[%clk 00:20:15]}
{[%emt 00:00:12]} 53. f3+ {[%clk 00:30:58]} {[%emt 00:00:11]} Kf4 {[%clk
00:20:32]} {[%emt 00:00:13]} 54. Bd7 {[%clk 00:31:15]} {[%emt 00:00:14]} Bb4
{[%clk 00:20:46]} {[%emt 00:00:14]} 1/2-1/2

[Event "ODJM A 2023"]
[Site "Willingen GER"]
[Date "2023.05.31"]
[Round "6"]
[White "Eberhart, Erik"]
[Black "Kruse, Victor"]
[Result "0-1"]
[Termination "normal"]
[Board "6"]
[WhiteElo "1764"]
[BlackElo "1964"]
[WhiteClock "00:21:41"]
[BlackClock "00:26:07"]
[PlyCount "80"]
[WhiteFideId "16239970"]
[BlackFideId "16256964"]
[EventCountry "GER"]
[EventRounds "9"]
[EventType "swiss"]
[EventDate "2023.05.27"]

1. e4 {[%clk 01:30:56]} {[%emt 00:00:04]} c6 {[%clk 01:30:53]} {[%emt
00:00:08]} 2. d4 {[%clk 01:31:22]} {[%emt 00:00:04]} d5 {[%clk 01:31:18]}
{[%emt 00:00:05]} 3. Nc3 {[%clk 01:31:18]} {[%emt 00:00:35]} dxe4 {[%clk
01:31:39]} {[%emt 00:00:09]} 4. Nxe4 {[%clk 01:31:41]} {[%emt 00:00:06]} Nf6
{[%clk 01:32:05]} {[%emt 00:00:05]} 5. Nxf6+ {[%clk 01:31:58]} {[%emt
00:00:13]} exf6 {[%clk 01:32:29]} {[%emt 00:00:06]} 6. Nf3 {[%clk 01:31:54]}
{[%emt 00:00:34]} Bd6 {[%clk 01:32:29]} {[%emt 00:00:29]} 7. Be2 {[%clk
01:30:46]} {[%emt 00:01:38]} O-O {[%clk 01:32:28]} {[%emt 00:00:33]} 8. O-O
{[%clk 01:31:02]} {[%emt 00:00:12]} Bg4 {[%clk 01:30:43]} {[%emt 00:02:15]} 9.
c3 {[%clk 01:24:53]} {[%emt 00:06:40]} Na6 {[%clk 01:27:38]} {[%emt 00:03:35]}
10. h3 {[%clk 01:12:12]} {[%emt 00:13:11]} Bh5 {[%clk 01:25:37]} {[%emt
00:02:32]} 11. Nd2 {[%clk 01:04:15]} {[%emt 00:08:25]} Bxe2 {[%clk 01:21:12]}
{[%emt 00:04:56]} 12. Qxe2 {[%clk 01:04:40]} {[%emt 00:00:05]} Re8 {[%clk
01:21:00]} {[%emt 00:00:42]} 13. Qf3 {[%clk 01:03:41]} {[%emt 00:01:29]} Nc7
{[%clk 01:12:55]} {[%emt 00:08:36]} 14. Nc4 {[%clk 01:00:10]} {[%emt 00:04:01]}
Bf8 {[%clk 01:08:08]} {[%emt 00:05:18]} 15. Bf4 {[%clk 00:49:55]} {[%emt
00:10:43]} Nd5 {[%clk 01:07:02]} {[%emt 00:01:37]} 16. Rfe1 {[%clk 00:48:39]}
{[%emt 00:01:45]} Qd7 {[%clk 00:54:36]} {[%emt 00:12:56]} 17. Ne3 {[%clk
00:45:54]} {[%emt 00:03:15]} Re6 {[%clk 00:45:50]} {[%emt 00:09:16]} 18. Nxd5
{[%clk 00:44:27]} {[%emt 00:01:59]} cxd5 {[%clk 00:45:55]} {[%emt 00:00:24]}
19. Qd3 {[%clk 00:41:01]} {[%emt 00:03:55]} Rae8 {[%clk 00:44:09]} {[%emt
00:02:17]} 20. Re3 {[%clk 00:38:13]} {[%emt 00:03:17]} a6 {[%clk 00:36:02]}
{[%emt 00:08:38]} 21. Rae1 {[%clk 00:37:32]} {[%emt 00:01:11]} Qb5 {[%clk
00:33:18]} {[%emt 00:03:15]} 22. Qxb5 {[%clk 00:37:01]} {[%emt 00:00:59]} axb5
{[%clk 00:33:44]} {[%emt 00:00:06]} 23. a3 {[%clk 00:37:21]} {[%emt 00:00:09]}
g5 {[%clk 00:32:15]} {[%emt 00:01:58]} 24. Bh2 {[%clk 00:36:19]} {[%emt
00:01:33]} Rxe3 {[%clk 00:27:01]} {[%emt 00:05:45]} 25. Rxe3 {[%clk 00:35:48]}
{[%emt 00:01:00]} Rxe3 {[%clk 00:27:19]} {[%emt 00:00:13]} 26. fxe3 {[%clk
00:36:15]} {[%emt 00:00:02]} Kg7 {[%clk 00:26:55]} {[%emt 00:00:53]} 27. e4
{[%clk 00:29:38]} {[%emt 00:07:08]} dxe4 {[%clk 00:25:12]} {[%emt 00:02:12]}
28. d5 {[%clk 00:30:05]} {[%emt 00:00:04]} Bc5+ {[%clk 00:25:34]} {[%emt
00:00:07]} 29. Kf1 {[%clk 00:30:13]} {[%emt 00:00:22]} Kf8 {[%clk 00:25:26]}
{[%emt 00:00:38]} 30. g4 {[%clk 00:29:50]} {[%emt 00:00:55]} Ke7 {[%clk
00:25:37]} {[%emt 00:00:20]} 31. Ke2 {[%clk 00:30:04]} {[%emt 00:00:13]} Bd6
{[%clk 00:25:16]} {[%emt 00:00:53]} 32. Bg1 {[%clk 00:30:22]} {[%emt 00:00:11]}
f5 {[%clk 00:25:21]} {[%emt 00:00:23]} 33. gxf5 {[%clk 00:22:51]} {[%emt
00:08:03]} Kf6 {[%clk 00:25:06]} {[%emt 00:00:44]} 34. Bd4+ {[%clk 00:21:39]}
{[%emt 00:01:42]} Kxf5 {[%clk 00:25:05]} {[%emt 00:00:32]} 35. b4 {[%clk
00:21:09]} {[%emt 00:01:00]} h5 {[%clk 00:25:00]} {[%emt 00:00:33]} 36. Kf2
{[%clk 00:20:11]} {[%emt 00:01:28]} g4 {[%clk 00:25:04]} {[%emt 00:00:26]} 37.
hxg4+ {[%clk 00:20:37]} {[%emt 00:00:04]} hxg4 {[%clk 00:25:26]} {[%emt
00:00:07]} 38. a4 {[%clk 00:20:50]} {[%emt 00:00:17]} bxa4 {[%clk 00:25:34]}
{[%emt 00:00:22]} 39. b5 {[%clk 00:21:14]} {[%emt 00:00:07]} a3 {[%clk
00:25:43]} {[%emt 00:00:20]} 40. c4 {[%clk 00:21:41]} {[%emt 00:00:04]} a2
{[%clk 00:26:07]} {[%emt 00:00:07]} 0-1

[Event "ODJM A 2023"]
[Site "Willingen GER"]
[Date "2023.05.31"]
[Round "6"]
[White "Kliashtornyi, Arkadii"]
[Black "Koll, Linus"]
[Result "1/2-1/2"]
[Termination "normal"]
[Board "7"]
[WhiteElo "1853"]
[BlackElo "2084"]
[WhiteClock "00:06:39"]
[BlackClock "00:17:46"]
[PlyCount "68"]
[WhiteFideId "34119698"]
[BlackFideId "12990299"]
[EventCountry "GER"]
[EventRounds "9"]
[EventType "swiss"]
[EventDate "2023.05.27"]

1. d4 {[%clk 01:30:57]} {[%emt 00:00:03]} Nf6 {[%clk 01:30:57]} {[%emt
00:00:04]} 2. g3 {[%clk 01:31:22]} {[%emt 00:00:05]} d5 {[%clk 01:31:23]}
{[%emt 00:00:04]} 3. Nf3 {[%clk 01:31:47]} {[%emt 00:00:05]} c6 {[%clk
01:31:39]} {[%emt 00:00:15]} 4. Bg2 {[%clk 01:32:12]} {[%emt 00:00:04]} Bf5
{[%clk 01:32:04]} {[%emt 00:00:05]} 5. Nh4 {[%clk 01:32:34]} {[%emt 00:00:07]}
Be4 {[%clk 01:31:15]} {[%emt 00:01:20]} 6. f3 {[%clk 01:32:59]} {[%emt
00:00:05]} Bg6 {[%clk 01:31:41]} {[%emt 00:00:04]} 7. O-O {[%clk 01:32:02]}
{[%emt 00:01:27]} e6 {[%clk 01:31:59]} {[%emt 00:00:11]} 8. e4 {[%clk
01:30:20]} {[%emt 00:02:13]} Be7 {[%clk 01:30:09]} {[%emt 00:02:21]} 9. e5
{[%clk 01:23:49]} {[%emt 00:07:00]} Nfd7 {[%clk 01:29:28]} {[%emt 00:01:11]}
10. Nxg6 {[%clk 01:24:06]} {[%emt 00:00:13]} hxg6 {[%clk 01:29:49]} {[%emt
00:00:10]} 11. f4 {[%clk 01:13:56]} {[%emt 00:10:39]} Qb6 {[%clk 01:29:20]}
{[%emt 00:00:59]} 12. c3 {[%clk 01:11:06]} {[%emt 00:03:20]} a5 {[%clk
01:20:42]} {[%emt 00:09:08]} 13. Rf2 {[%clk 01:00:28]} {[%emt 00:11:08]} Na6
{[%clk 01:17:47]} {[%emt 00:03:25]} 14. g4 {[%clk 00:49:27]} {[%emt 00:11:31]}
O-O-O {[%clk 01:10:08]} {[%emt 00:08:09]} 15. Be3 {[%clk 00:41:30]} {[%emt
00:08:28]} Kb8 {[%clk 01:04:48]} {[%emt 00:05:48]} 16. a3 {[%clk 00:31:17]}
{[%emt 00:10:45]} c5 {[%clk 00:59:32]} {[%emt 00:05:45]} 17. Nd2 {[%clk
00:23:21]} {[%emt 00:08:27]} cxd4 {[%clk 00:55:51]} {[%emt 00:04:12]} 18. Bxd4
{[%clk 00:22:38]} {[%emt 00:01:13]} Bc5 {[%clk 00:55:02]} {[%emt 00:01:20]} 19.
Nf3 {[%clk 00:21:02]} {[%emt 00:02:01]} Bxd4 {[%clk 00:48:43]} {[%emt
00:06:50]} 20. Qxd4 {[%clk 00:18:38]} {[%emt 00:02:57]} Qxd4 {[%clk 00:48:16]}
{[%emt 00:00:55]} 21. Nxd4 {[%clk 00:19:03]} {[%emt 00:00:06]} Nc7 {[%clk
00:47:31]} {[%emt 00:01:14]} 22. Rc1 {[%clk 00:14:49]} {[%emt 00:04:44]} Nc5
{[%clk 00:47:03]} {[%emt 00:01:00]} 23. Rd2 {[%clk 00:14:33]} {[%emt 00:00:43]}
Rh4 {[%clk 00:40:11]} {[%emt 00:07:24]} 24. h3 {[%clk 00:14:04]} {[%emt
00:01:00]} Rhh8 {[%clk 00:27:39]} {[%emt 00:13:05]} 25. c4 {[%clk 00:10:22]}
{[%emt 00:04:09]} dxc4 {[%clk 00:20:02]} {[%emt 00:08:08]} 26. Rxc4 {[%clk
00:10:51]} N5a6 {[%clk 00:20:15]} {[%emt 00:00:19]} 27. Ra4 {[%clk 00:07:40]}
{[%emt 00:03:40]} Nb5 {[%clk 00:20:12]} {[%emt 00:00:33]} 28. Nf3 {[%clk
00:07:06]} {[%emt 00:01:00]} b6 {[%clk 00:19:12]} {[%emt 00:01:33]} 29. Nd4
{[%clk 00:06:29]} {[%emt 00:01:07]} Nxd4 {[%clk 00:17:38]} {[%emt 00:02:02]}
30. Raxd4 {[%clk 00:06:58]} {[%emt 00:00:03]} Rxd4 {[%clk 00:17:21]} {[%emt
00:00:47]} 31. Rxd4 {[%clk 00:07:27]} Rc8 {[%clk 00:16:38]} {[%emt 00:01:13]}
32. Rd7 {[%clk 00:07:50]} {[%emt 00:00:07]} Rc7 {[%clk 00:16:57]} {[%emt
00:00:13]} 33. Rd8+ {[%clk 00:08:13]} {[%emt 00:00:06]} Rc8 {[%clk 00:17:24]}
{[%emt 00:00:02]} 34. Rd7 {[%clk 00:06:39]} {[%emt 00:02:05]} Rc7 {[%clk
00:17:46]} {[%emt 00:00:07]} 1/2-1/2